The eye laser miracle: (Record no. 1791)

MARC details
000 -LEADER
fixed length control field 00494nam a22001697a 4500
005 - DATE AND TIME OF LATEST TRANSACTION
control field 20230313083548.0
008 - FIXED-LENGTH DATA ELEMENTS--GENERAL INFORMATION
fixed length control field 230313b |||||||| |||| 00| 0 eng d
020 ## - INTERNATIONAL STANDARD BOOK NUMBER
International Standard Book Number 0-345-42647-9
082 ## - DEWEY DECIMAL CLASSIFICATION NUMBER
Classification number 617.71 C349 1997
100 ## - MAIN ENTRY--PERSONAL NAME
Personal name Caster, Andrew I.
Relator term author
245 ## - TITLE STATEMENT
Title The eye laser miracle:
Remainder of title the complete guide to better vision /
Statement of responsibility, etc. Andrew I. Carter
260 ## - PUBLICATION, DISTRIBUTION, ETC.
Place of publication, distribution, etc. New York:
Name of publisher, distributor, etc. Ballantine Books,
Date of publication, distribution, etc. c1997
300 ## - PHYSICAL DESCRIPTION
Extent xi, 154p.:
Other physical details ill.
504 ## - BIBLIOGRAPHY, ETC. NOTE
Bibliography, etc. note Includes index
541 ## - IMMEDIATE SOURCE OF ACQUISITION NOTE
Accession number 5005
650 ## - SUBJECT ADDED ENTRY--TOPICAL TERM
Topical term or geographic name entry element Eye
Holdings
Withdrawn status Lost status Source of classification or shelving scheme Damaged status Not for loan Home library Current library Date acquired Total Checkouts Full call number Barcode Date last seen Copy number Price effective from Koha item type
    Dewey Decimal Classification     ctu-moalboal ctu-moalboal 01/04/2017   617.71 C349 1997 5005 03/13/2023 1 03/13/2023 Books-Reference